| 000 | 00946cam a2200277 i 4500 | ||
|---|---|---|---|
| 001 | 1716966 | ||
| 005 | 20241112160301.0 | ||
| 008 | 771122t19771969ctu b 000 0 eng | ||
| 010 | _a 72093579 | ||
| 020 |
_a0300004729. _a0300010702 _c$3.45 |
||
| 040 |
_aDLC _cDLC _dDLC |
||
| 050 | 0 | 0 |
_aK230.F84 _bM67 1977 |
| 082 | 0 | 0 |
_a340.112 _bFUL |
| 100 | 1 |
_aFuller, Lon L. _q(Lon Luvois), _d1902-1978. _994303 |
|
| 245 | 1 | 4 |
_aThe morality of law / _cby Lon L. Fuller. |
| 250 | _aRev. ed. | ||
| 260 |
_aNew Haven : _bYale University Press, _c1977, c1969. |
||
| 300 |
_axi, 262 p. ; _c21 cm. |
||
| 440 | 0 |
_aStorrs lectures on jurisprudence ; _v1963 _994304 |
|
| 504 | _aIncludes bibliographical references. | ||
| 650 | 0 |
_aLaw and ethics. _994305 |
|
| 650 | 0 |
_aNLS2024, NLSETEXTBOOKS, NLSEBOOKBANK _9126870 |
|
| 856 | _uhttp://10.250.8.41:8080/xmlui/handle/123456789/47904 | ||
| 906 |
_a7 _bcbc _corignew _d2 _eopcn _f19 _gy-gencatlg |
||
| 942 |
_2ddc _cBK |
||
| 999 |
_c590454 _d590454 |
||